The Decline of the West/ (Record no. 343411)

000 -LEADER
fixed length control field 00487 a2200181 4500
003 - CONTROL NUMBER IDENTIFIER
control field OSt
005 - DATE AND TIME OF LATEST TRANSACTION
control field 20231013100318.0
008 - FIXED-LENGTH DATA ELEMENTS--GENERAL INFORMATION
fixed length control field 160518b xxu||||| |||| 00| 0 eng d
020 ## - INTERNATIONAL STANDARD BOOK NUMBER
International Standard Book Number 0
040 ## - CATALOGING SOURCE
Transcribing agency 0
082 ## - DEWEY DECIMAL CLASSIFICATION NUMBER
Classification number 909
Author Mark SPE
100 ## - MAIN ENTRY--PERSONAL NAME
Personal name Helmut Werner
9 (RLIN) 6589
245 ## - TITLE STATEMENT
Title The Decline of the West/
Statement of responsibility, etc. Helmut Werner,
260 ## - PUBLICATION, DISTRIBUTION, ETC.
Place of publication, distribution, etc. Islamabad:
Name of publisher, distributor, etc. National Book Foundation ;
Date of publication, distribution, etc. 1917.
300 ## - PHYSICAL DESCRIPTION
Extent 414 p.
Other physical details HB
440 ## - SERIES STATEMENT/ADDED ENTRY--TITLE
Title The Decline of the West
9 (RLIN) 118504
942 ## - ADDED ENTRY ELEMENTS (KOHA)
Institution code [OBSOLETE] NBS
Koha item type Book
Call number prefix 909 SPE
Source of classification or shelving scheme
Holdings
Withdrawn status Lost status Source of classification or shelving scheme Damaged status Not for loan Permanent Location Current Location Date acquired Total Checkouts Full call number Barcode Date last seen Date last checked out Price effective from Koha item type
          Central Library (CL) Central Library (CL) 08/28/2013 1 909 SPE NBSD-1148 11/23/2017 08/29/2017 08/28/2013 Book
          Central Library (CL) Central Library (CL) 08/28/2013 1 909 SPE NBSD-1149 11/23/2017 08/29/2017 08/28/2013 Book
© 2023 Central Library, National University of Sciences and Technology. All Rights Reserved.